| Tag |
First Indicator |
Second Indicator |
Subfields |
| LEADER |
00000cam a2200000 4500 |
| 001 |
in00000038101 |
| 005 |
20151222091040.0 |
| 008 |
750808s1947 eng u |
| 010 |
|
|
|a a 48006442
|
| 035 |
|
|
|a (OCoLC)01523781
|
| 035 |
|
|
|9 AAF5445AM
|
| 040 |
|
|
|c JPL
|d TXA
|d UtOrBLW
|
| 049 |
|
|
|a TXAM
|c [146048]
|
| 050 |
0 |
0 |
|a [DS10.J4S]
|
| 082 |
0 |
|
|a 940.5315296
|
| 090 |
|
|
|a D810.J4
|b S9 1947
|
| 092 |
|
|
|a 296
|b S995b
|
| 100 |
1 |
|
|a Syrkin, Marie,
|d 1899-1989.
|
| 245 |
1 |
0 |
|a Blessed is the match :
|b the story of Jewish resistance /
|c by Marie Syrkin.
|
| 264 |
|
1 |
|a New York :
|b A. A. Knopf,
|c 1947.
|
| 300 |
|
|
|a 361 pages ;
|c 22 cm.
|
| 336 |
|
|
|a text
|b txt
|2 rdacontent
|
| 337 |
|
|
|a unmediated
|b n
|2 rdamedia
|
| 338 |
|
|
|a volume
|b nc
|2 rdacarrier
|
| 490 |
1 |
|
|a Hillel library book
|
| 650 |
|
0 |
|a World War, 1939-1945
|x Jews.
|
| 650 |
|
0 |
|a World War, 1939-1945
|x Underground movements.
|
| 651 |
|
0 |
|a Palestine
|x Politics and government.
|
| 830 |
|
0 |
|a Hillel library book.
|
| 999 |
|
|
|a MARS
|
| 999 |
f |
f |
|s d266d562-3208-385f-8579-b8f6a515b522
|i dc849fef-c726-30a4-bcde-b94abde61e1c
|t 0
|
| 952 |
f |
f |
|p ric
|a Texas A&M University
|b Rellis Campus
|c Joint Library Facility
|s JLF
|d Remote Storage
|t 0
|e D810.J4 S9 1947
|h Library of Congress classification
|i unmediated -- volume
|m A14819257124
|
| 998 |
f |
f |
|a D810.J4 S9 1947
|t 0
|l Remote Storage
|